banner-ar

علم المحطات الفضائية : (Record no. 60444)

MARC details
000 -الفاتح
حقل البيانات ثابتة الطول 01463nam a22003497a 4500
005 - وقت وتاريخ اخر تعامل مع التسجيلة
رقم الضبط 20240530110410.0
008 - عناصر البيانات ثابتة الطول - معلومات عامة
حقل البيانات ثابتة الطول 150215s2007 ua ofk a 001 0 ara d
017 ## - رقم الايداع القانونى
رقم الايداع القانونى 2006/8736
المصدر ( الهيئة المختصة) مصر . دار الكتب المصرية
020 ## - الرقم الدولى المعيارى للكتب
الرقم الدولى المعيارى للكتاب 977143408x
040 ## - مصدر الفهرسة
وكالة الفهرسة الأصلية EG-CaGPL
041 1# - رمز اللغة
رمز لغة النص/ المسارات الصوتية أو العنوان الانفرادي ara
رمز لغة الترجمات و/او الاصلية المتوسطة للنص eng
082 04 - رقم تصنيف ديوى العشرى
رقم الطبعة 21
رقم التصنيف 629.442
رقم المادة ط/د ع
100 1# - المدخل الرئيسى - إسم شخصى
الإسم الشخصى ديسون ، ماريان . ج .
245 10 - بيان العنوان
العنوان علم المحطات الفضائية :
بقية العنوان الحياة فى سقوط حر /
بيان المسئوليه,etc تاليف ماريان . ج . ديسون ؛ تقديم باز الدرين ؛ ترجمة محمد على النقراشى ؛ اشراف عام داليا محمد ابراهيم
250 ## - بيان الطبعة
بيان الطبعة ط1
300 ## - الوصف المادى
التعداد 128 ص :
تفاصيل ماديه اخرى للوعاء ايض ؛
أبعاد الوعاء 24 سم
650 04 - المدخل الاضافى بالموضوع-مصطلح موضوعى
مصطلح موضوعي الفضاء
650 04 - المدخل الاضافى بالموضوع-مصطلح موضوعى
مصطلح موضوعي الفضاء الخارجى
650 04 - المدخل الاضافى بالموضوع-مصطلح موضوعى
مصطلح موضوعي الاقمار الصناعية
650 04 - المدخل الاضافى بالموضوع-مصطلح موضوعى
مصطلح موضوعي رحلات الفضاء
650 04 - المدخل الاضافى بالموضوع-مصطلح موضوعى
مصطلح موضوعي ملابس الفضاء
650 04 - المدخل الاضافى بالموضوع-مصطلح موضوعى
مصطلح موضوعي رواد الفضاء
التقسيم الفرعي العام تدريب
650 04 - المدخل الاضافى بالموضوع-مصطلح موضوعى
مصطلح موضوعي رواد الفضاء
التقسيم الفرعي العام تغذية
650 04 - المدخل الاضافى بالموضوع-مصطلح موضوعى
مصطلح موضوعي رواد الفضاء
التقسيم الفرعي العام اختبارات طبية
650 04 - المدخل الاضافى بالموضوع-مصطلح موضوعى
مصطلح موضوعي الملاحة الفضائية
700 1# - المدخل الاضافى - اسم شخصى
الإسم الشخصى الدرين ، باز
الدور مقدم
700 0# - المدخل الاضافى - اسم شخصى
الإسم الشخصى محمد على النقراشى
الدور مترجم
710 ## - المدخل الاضافى - اسم هيئه
اسم الهيئة أو اسم السلطة كمدخل داليا محمد ابراهيم
الدور مشرف
942 ## - عناصر المدخل الإضافي( كوها)
مصدر التصنيف او مخطط الترفيف Dewey Decimal Classification
Koha [default] item type كتاب
260 ## - PUBLICATION, DISTRIBUTION, ETC. (IMPRINT)
-- نهضة مصر للطباعة و النشر و التوزيع ،
-- 2007
Holdings
حالة التراجع حالة الفقد حالة تلف ليس للاعارة المكان المؤقت الموقع الحالى تاريخ الاكتساب اجمالي اﻻعارات رقم الطلب الباركود تاريخ اخر مشاهدة تاريخ تفعيل السعر نوع وعاء كوها
        مكتبة القاهرة الكبرى مكتبة القاهرة الكبرى 02/15/2015   629.442 ط/د ع 159498 02/15/2015 02/15/2015 كتاب

Powered By

EGPV